banner koha

Internal inguinal ring closure by laparoscopy using homologous pericardium grafts in horses (Registro n. 299771)

MARC details
000 -LÍDER
fixed length control field 05365nab a2200337 i 4500
003 - CÓDIGO MARC DA AGÊNCIA CATALOGADORA
Campo de controle BR-BrBNA
005 - DATA E HORA DA ÚLTIMA ATUALIZAÇÃO
Campo de controle 20240524150219.0
008 - CAMPO DE TAMANHO FIXO
fixed length control field 240524b2016 bl.mr|pooa||| 00| 0 eng |
040 ## - FONTE DA CATALOGAÇÃO
Agência catalogadora BR-BrBNA
Idioma da catalogação eng
072 ## - CATEGORIA AGRIS
Código AGRIS L74
Código do objeto 5120
072 ## - CATEGORIA AGRIS
Código AGRIS L70
100 ## - ENTRADA PRINCIPAL - NOME PESSOAL
Nome pessoal Spagnolo, Julio David
100 ## - ENTRADA PRINCIPAL - NOME PESSOAL
Nome pessoal Sinhorini, Idercio Luis
100 ## - ENTRADA PRINCIPAL - NOME PESSOAL
Nome pessoal Baccarin, Raquel Yvonne Arantes
100 ## - ENTRADA PRINCIPAL - NOME PESSOAL
Nome pessoal Ambrosio, Aline Magalhães
100 ## - ENTRADA PRINCIPAL - NOME PESSOAL
Nome pessoal Souto, Maria Teresa de Mello
100 ## - ENTRADA PRINCIPAL - NOME PESSOAL
Nome pessoal Ida, Keila Kazue
100 ## - ENTRADA PRINCIPAL - NOME PESSOAL
Nome pessoal Silva, Luis Claudio Lopes Correia da Silva
245 ## - TÍTULO PRINCIPAL
Título principal Internal inguinal ring closure by laparoscopy using homologous pericardium grafts in horses
500 ## - NOTA GERAL
Nota geral Publicação on-line; 24 ref.; Sumaries (En, Pt)
942 ## - ADDED ENTRY ELEMENTS (KOHA)
Koha item type
520 ## - NOTA DE RESUMO
Nota de conteúdo <br/>ABSTRACT - The occlusion of inguinal ring is the treatment to avoid the inguinal hernia in horses. The aim of this study is evaluate the efficacy of homologous pericardium grafts for internal inguinal ring closure in horses, comparing mechanical or manual laparoscopic suture. Cross over study, using six healthy intact male Mangalarga breed horses aged between 3 and 12 years. Horses were operated under general anesthesia in 25º Trendelenburg position. Five laparoscopic portals were employed. Pericardium grafts measuring 4x5cm were anchored covering the left and right internal inguinal rings using either manual intracorporeal suture or laparoscopic stapler. Horses were followed-up during 11 weeks when were submitted to a laparoscopic control. Surgical time, trans and postoperative complications and effectiveness of internal inguinal closure were evaluated and statistically analyzed. The level of significance was set at 5% P<0.05. The procedures were realized without complications and the mean time required for manual and mechanical suture procedures differed significantly (67.8±15.3 and 14.1±2.1 min respectively; P<0.05). All manually sutured grafts remained in place and partial suture dehiscence with incomplete occlusion of the internal inguinal ring was observed in two stapled grafts. Non-severe complications were observed trans or postoperatively. One synechiae and three omental adhesions were observed by laparoscopic control on day 77, but without clinical relevance in the evaluated period. The use of homologous pericardium grafts was effectiveness to internal inguinal ring closure by laparoscopy. Mechanical suture was faster to perform than manual, but provided less satisfactory results concerning safety of graft fixation. <br/><br/>Key words: equine, inguinal hernia, laparoscopy, herniorraphy.
520 ## - NOTA DE RESUMO
Nota de conteúdo <br/>RESUMO - A oclusão dos anéis inguinais é o tratamento indicado para evitar as hérnias inguinais comumente observadas nos equinos. O objetivo do trabalho é avaliar a eficácia do uso de enxerto de pericárdio homólogo para recobrimento do anel inguinal interno de equinos, fixado por laparoscopia, comparando a sutura manual e mecânica. Para tanto, foram utilizados seis equinos machos não castrados da raça Mangalarga com idade entre 3 e 12 anos. Os cavalos foram operados sob anestesia geral em posição de Trendelenburg com inclinação de 25º. Cinco portais laparoscópicos foram empregados. Enxertos de pericárdio homólogo, medindo 4X5cm, foram ancorados recobrindo os anéis inguinais internos esquerdo e direito, sendo em um dos lados fixado com sutura manual intracorpórea e o contralateral fixado com grampos, escolhidos por sorteio previamente ao procedimento, distribuído equitativamente. Os cavalos foram acompanhados por 11 semanas do período pósoperatório. O tempo cirúrgico, eventuais complicações trans ou pós-operatórias e a efetividade do procedimento foram avaliados e analisados estatisticamente com nível de significância de 5% P<0,05. Os procedimentos foram realizados sem complicações, com tempo médio requerido para realização da sutura manual e com grampos de 67,8±15,3 e 14,1±2,1 minutos, respectivamente, havendo diferença significativa P<0,05. Todos os implantes suturados manualmente levaram à oclusão do anel inguinal profundo, enquanto houve deiscência parcial da sutura, com incompleta oclusão do anel, em dois dos seis implantes fixados por sutura mecânica, na avaliação aos 77 dias. Não ocorreram complicações significativas no período trans ou pós-operatório, sendo observada a presença de uma sinéquia e três aderências de omento durante laparoscopia de controle aos 77 dias, porém sem relevância clínica no período estudado. O uso de pericárdio homólogo foi efetivo para oclusão do anel vaginal em equinos por laparoscopia. A sutura mecânica foi realizada em menor tempo, quando comparada à sutura manual, porém propiciou resultado menos satisfatório no que diz respeito à segurança da técnica para fixação do enxerto.<br/><br/>Palavras-chave: equino, hérnia inguinal, laparoscopia, herniorrafia.
650 ## - ASSUNTO - THESAGRO
Cabeçalho tópico ou nome geográfico CAVALO
650 ## - ASSUNTO - THESAGRO
Cabeçalho tópico ou nome geográfico HÉRNIA
650 ## - ASSUNTO - THESAGRO
Cabeçalho tópico ou nome geográfico DISTÚRBIO FISIOLÓGICO
650 ## - ASSUNTO - THESAGRO
Cabeçalho tópico ou nome geográfico LAPAROSCOPIA
773 0# - ENTRADA ANALÍTICA
Host Biblionumber 2408
Registro do item 314896
Imprenta Santa Maria-RS Universidade Federal de Santa Maria - Centro de Ciências Rurais 1991
Outro identificador 2024-1147
Título Ciência Rural (Brazil)
ISSN 0103-8478
Colação v. 46(2) p. 318-2023; (2016)
Número de controle de registro BR2024000977
856 ## - ACESSO E ENDEREÇO ELETRÔNICO
Identificador uniforme de recurso - URI https://www.scielo.br/j/cr/a/vjXzZnydNVVyc4qw3xY6NDR/?format=pdf&lang=en

Nenhum exemplar disponível.

BINAGRI

Telefone: (61)3218-2567/2388/3357/2097 - binagri@agro.gov.br

Ministério da Agricultura e Pecuária , Esplanada dos Ministérios, Bloco D, Anexo B, Brasília/DF, CEP: 70.043-900